000 01596nam2a2200301 4500
001 RU\NLR\BIBL_A\022669119
005 20251214184119.0
010 _a978-5-89606-684-2
_9500
035 _a(NLR Aleph) 022669119
090 _a13468169
_c13468169
100 _a20251119d2025 u y0rusy50 ca
101 0 _arus
102 _aRU
105 _aac z 000yy
200 1 _aИсторическая память и культурное наследие: региональный опыт и практики политики памяти
210 _d2025
215 _a245, [2] с.
_cил., портр.
_d21
320 _aБиблиогр. в конце ст. и в подстроч. примеч.
461 0 _1001RU\NLR\INFOCOMM6\1000414985
_12001#$aТруды Института языка, литературы и истории$fАН СССР. Коми филиал$vВып. 80
_93041095
_aИнститут языка, литературы и истории (Сыктывкар)
_cСыктывкар
_d1948 -
_fАН СССР. Коми филиал
_nКоми кн. изд-во
_tТруды Института языка, литературы и истории
_vВып. 80
606 1 _aИсторическая память
_jСборники
_yРоссия
_92305159
_3RU\NLR\AUTH\6601606051
607 _aРоссия
_jСборники
_xИсторико-этнографические исследования
_92446509
_3RU\NLR\AUTH\6601672680
686 1 _aТ3(2)0-72я43
686 1 _aТ52(2)я43
852 _aNLR
_jП34/262
942 _cISSUE
980 _aRUSPER
980 _aNB